00465nam a2200157Ia 4500008004100000020001400041082001600055100003000071245003700101250000700138260004500145300002700190500001900217600002100236650005000257240925s9999 xx 000 0 und d a138907579 a005.756 MEY aMeyer, Don; Cannon, Casey 0aBuilding A Better Data Warehouse aNA aNew Jersey:bPrintice- Hall Int.c,1998. axv,554p.bNAfOriginal aIncludes Index aComputer Science aComputer science, information & general works